书目信息 |
| 题名: |
刑法学
|
|
| 作者: | 高铭暄 主编 | |
| 分册: | ||
| 出版信息: | 北京 北京大学出版社 2010.01 |
|
| 页数: | 783页 | |
| 开本: | 23cm | |
| 丛书名: | 法学精品课程系列教材 | |
| 单 册: | ||
| 中图分类: | D924.01 | |
| 科图分类: | ||
| 主题词: | 刑法--xing fa--法的理论--高等学校--中国--教材 | |
| 电子资源: | ||
| ISBN: | 978-7-301-15838-8 | |
| 000 | 00950nam 2200265 450 | |
| 001 | 1136903378 | |
| 005 | 20201102100508.75 | |
| 010 | @a978-7-301-15838-8@dCNY59.00 | |
| 100 | @a20070723d2010 km y0chiy0120 ea | |
| 101 | 0 | @achi |
| 102 | @aCN@b110000 | |
| 105 | @ay a 000yy | |
| 200 | 1 | @a刑法学@Axing fa xue@f高铭暄等主编@Fgao ming xuan deng zhu bian |
| 205 | @a4版 | |
| 210 | @a北京@c北京大学出版社@d2010.01 | |
| 215 | @a783页@d23cm | |
| 225 | 2 | @a法学精品课程系列教材@Afa xue jing pin ke cheng xi lie jiao cai@i刑法学系列 |
| 320 | @a有书目。 | |
| 330 | @a本书分为两编: 上编为刑法总论, 系统阐述刑法学的基本原理和刑法典总则的规范; 下编为刑法分论, 按照刑法典分则的体例论述具体犯罪的特征和刑事责任。 | |
| 410 | 0 | @12001 @a法学精品课程系列教材@i刑法学系列 |
| 606 | 0 | @a刑法@Axing fa@x法的理论@x高等学校@y中国@j教材 |
| 690 | @aD924.01@v4 | |
| 701 | 0 | @a高铭暄@Agao ming xuan@4主编 |
| 801 | 0 | @aCN@c20110329 |
| 905 | @dD924.01@eG1501=4 | |
| 刑法学/高铭暄等主编.-4版.-北京:北京大学出版社,2010.01 |
| 783页;23cm.-(法学精品课程系列教材.刑法学系列) |
| ISBN 978-7-301-15838-8:CNY59.00 |
| 本书分为两编: 上编为刑法总论, 系统阐述刑法学的基本原理和刑法典总则的规范; 下编为刑法分论, 按照刑法典分则的体例论述具体犯罪的特征和刑事责任。 |
| ● |
| 相关链接 |
|
|
|
正题名:刑法学
索取号:D924.01/G1501=4
 
预约/预借
| 序号 | 登录号 | 条形码 | 馆藏地/架位号 | 状态 | 备注 |
| 1 | 1301422 | 213014227 | 社科库509/509社科库 96排2列3层/ [索取号:D924.01/G1501] | 在馆 | |
| 2 | 1501264 | 215012643 | 社科库509/509社科库 96排2列3层/ [索取号:D924.01/G1501=4] | 在馆 | |
| 3 | 463601 | 204636019 | 社科库509/509社科库 96排2列3层/ [索取号:D924.01/G1501=4] | 在馆 | |
| 4 | 463602 | 204636028 | 社科库509/509社科库 96排2列3层/ [索取号:D924.01/G1501=4] | 在馆 | |
| 5 | 463603 | 204636037 | 社科库509/509社科库 96排2列3层/ [索取号:D924.01/G1501=4] | 在馆 | |
| 6 | 463604 | 204636046 | 社科库509/509社科库 96排2列3层/ [索取号:D924.01/G1501=4] | 在馆 | |
| 7 | 463605 | 204636055 | 社科库509/509社科库 96排2列3层/ [索取号:D924.01/G1501=4] | 在馆 | |
| 8 | 463606 | 204636064 | 社科库509/509社科库 96排2列3层/ [索取号:D924.01/G1501=4] | 在馆 | |
| 9 | 463607 | 204636073 | 社科库509/509社科库 96排2列3层/ [索取号:D924.01/G1501=4] | 在馆 | |
| 10 | 489825 | 204898254 | 社科库509/422社科库 38排1列1层/ [索取号:D924.01/G1501] | 在馆 |